000 00272pab a2200121 454500
008 180718b xxu||||| |||| 00| 0 eng d
100 _aSingh, Sampooran
245 _aWill Earth Summit heal
650 _a Earth
650 _aEnvironment
773 _aTribune
909 _a21748
999 _c21748
_d21748